000 00806nam a22002777a 4500
003 CHAP
005 20220329134147.0
008 971013s1973 r 00010 d
010 _a16346
011 _a17318
035 _a21401
040 _cCHAP
082 _a519.54
_bH6
100 0 0 _aHollander, Myles.
_955949
245 _aNonparametric statistical methods
260 _aNew York :
_bWiley,
_c1973
300 _a503 p.
590 _aBATCH-UPD
_b10
_c20130110
_lUCH01
_h1306
590 _aBATCH-UPD
_b10
_c20130410
_lUCH01
_h0822
590 _aBATCH-UPD
_b10
_c20130914
_lUCH01
_h1325
590 _aCONVERSION
_b10
_c20130109
_lUCH01
_h1310
650 1 4 _aEstadística noparamétrica.
_938263
901 _aBK
942 _cLIBRO
949 _a519.54 H6
_bBC
_cLIBRO
_d33724000144051
_eLIBRO
_h34784
_i21401
_si
999 _c16346
_d16346